000 00455nam a2200145 i 4500
001 89831
003 ES-MaACL
007 t|
008 050114s1904 fr ||||1| fre d
100 1 _aLauvrière, Emile.
_970668
245 1 0 _aEdgar Poe
_b: sa vie et son oeuvre : étude de psichologie pathologique /
_cpar Emile Lauvrière.
260 _aParis :
_b[s.n.],
_c1904 (
_eEvreux :
_fCh. Hérissey)
300 _a722 p. ;
_c23 cm.
852 _aES-MaACL
_jB-6822
999 _c89831
_d89831